Topiques
Saved in:
| Hovedforfatter: | |
|---|---|
| Format: | Bog |
| Sprog: | fransk |
| Udgivet: |
París
Société d'édition Les belles lettres
1967
|
| Serier: | Collection des universités de France
|
| Fag: | |
| Tags: |
Tilføj Tag
Ingen Tags, Vær først til at tagge denne postø!
|
MARC
| LEADER | 00000nam a2200000 a 4500 | ||
|---|---|---|---|
| 001 | UCW0122 | ||
| 003 | CL-VaPUC | ||
| 008 | 890807e19670000FR |||||||||||||||||fre|d | ||
| 082 | 0 | 4 | |a 185 |b ARI |2 21 |
| 100 | |a Aristóteles, |d 384 a.C.- 322 a.C. |e author |9 194 | ||
| 245 | 1 | 0 | |a Topiques |
| 300 | |a v | ||
| 942 | |c BK | ||
| 945 | |d 19890807 00:00:00 | ||
| 260 | |a París |b Société d'édition Les belles lettres |c 1967 | ||
| 500 | |a v.1: Livres I-IV | ||
| 600 | 0 | |a Aristóteles, |d 384 a.C.- 322 a.C. |9 194 | |
| 650 | 0 | |a Filosofía antigua |9 255705 | |
| 583 | |a last modification |c 19890807 00:00:00 |k Rodrigo Vera | ||
| 490 | 0 | |a Collection des universités de France | |
| 999 | |c 215361 |d 215359 | ||
| 952 | |0 0 |1 0 |4 0 |6 185_000000000000000_ARI_1967 |7 0 |8 X |9 199601 |a BIBART |b BIBART |d 2019-11-14 |h v.1 |i 2668521 |o 185 ARI 1967 |p 2668521 |r 2025-03-13 |w 2019-11-14 |y BK_X |k ART | ||
| 952 | |0 0 |1 0 |4 0 |6 185_000000000000000_ARI_1967 |7 0 |8 P |9 199602 |a BIBEDU |b BIBEDU |c BIBEDU_PB |d 2019-11-14 |h v.1 |i 1512242 |o 185 ARI 1967 |p 1512242 |r 2024-01-25 |w 2019-11-14 |y BK |k FIL | ||